Personnages Disney Animaux - Statistiques

Statistiques générales
  • Ce quiz a été pris 237 fois
  • Le résultat moyen est 32 sur 51
Statistiques - réponses
Hint Réponse % Correct
LUCIFER / RUFUS / FELICIA Chat
97%
ROUBLARD /NANA / PERCY Chien
97%
RAJAH / SHERE KHAN Tigre
95%
JUDY HOPPS / BOBBY / PANPAN Lapin
93%
DJANGO / EMILE / REMY Rat
92%
POLOCHON / CLEO / DORY Poisson
91%
SARABI / KION / KIARA Lion
90%
GRAND COQUIN / NICK WILDE / ROX Renard
90%
ABU / ROI LOUIE / RAFIKI Singe
90%
KENAI / PETIT JEAN / KODA Ours
89%
GUS / ROQUEFORT / TIMOTHE Souris
89%
MAXIMUS / BUCK / ACHILLE Cheval
87%
PUMBAA Phacochere
87%
OLLIE / PUA / PORCINET Cochon
86%
TRISTE SIRE / KAA / JUJU Serpent
83%
BAMBI / FELINE Faon
82%
TIMON Suricate
80%
TIC / TAC / CLARICE Ecureuil
77%
RENATO MANCHAS / BAGHEERA Panthere
77%
IAGO Perroquet
76%
PASCAL Cameleon
73%
SEBASTIEN / TAMATOA Crabe
72%
SHENZI / ED / BANZAI Hyene
71%
ADAM DE LA HALLE / HEI HEI / BUCK CLUCK Coq
65%
HATHI / TANTOR / JUNIOR Elephant
65%
CRI-KEE / JIMINY Criquet
64%
BIG MAMA / ARCHIMEDE Hibou
63%
MAMAN GOUROU / RED / FALOO Kangourou
63%
AKELA / LE SHERIF DE NOTTINGHAM / RAKSHA Loup
62%
BRUCE / DESTINEE / L'ENCLUME Requin
52%
DJALI /JEB / "PHILOCTETE" Chevre
50%
MONSTRO / "GANTU" Baleine
49%
FLASH / PRISCILLA Paresseux
49%
MEEKO Raton laveur
49%
SQUIZ / TOBY / CRUSH Tortue
49%
TERK / KALA / KERCHAK Gorille
48%
FLEUR Moufette
47%
GERTRUDE / AUDREY / Poule
47%
LOUIS / BRUTUS / NERON Crocodile
46%
MAGGIE / GRACE / MISS CALOWAY Vache
46%
RAY Luciole
43%
AMELIE ET AMELIA JACASSE / LUCY Oie
38%
EVINRUDE Libellule
32%
FLIT Colibri
30%
TRUC / MUCHE Elan
29%
JOANNA / FRANK / "RANDALL BOGUE" Lezard
29%
ZIGGY / BUZZIE / NIQUEDOUILLE Vautour
26%
TILT / PRINCESSE ATTA/ PRINCESSE COUETTE Fourmie
23%
FLOTSAM / JETSAM Murene
23%
TWIST / HEIMLICH Chenille
22%
KREBBS / NIGEL Koala
13%
Aucun quiz correspondant
Distribution des résultats
% des personnes avec chaque résultat
Percentile par nombre de réponses
Votre historique - résultats
Vous n’avez pas pris ce quiz